| 000 | 01076nam a2200181Ia 4500 | ||
|---|---|---|---|
| 008 | 151202s9999||||xx |||||||||||||| ||und|| | ||
| 082 | _bPNVM-46016 | ||
| 100 | _aदेशपांडे मनोहर श्रीनिवास. मराठी रूपां.देशपांडे गोविंद मनोहर. | ||
| 245 | _aगुरूदेव रानडे जीवनचीरत्र. | ||
| 260 | _bमानसन्मान प्रकाशन पुणे. | ||
| 260 | _c2004 | ||
| 300 | _a126 | ||
| 600 | _aदेशपांडे मनोहर श्रीनिवास. मराठी रूपां.देशपांडे गोविंद मनोहर. | ||
| 630 | _aगुरूदेव रानडे जीवनचीरत्र. | ||
| 700 | _aदेशपांडे मनोहर श्रीनिवास. मराठी रूपां.देशपांडे गोविंद मनोहर. | ||
| 730 | _aगुरूदेव रानडे जीवनचीरत्र. | ||
| 942 | _cBOOK | ||
| 999 |
_c1311966 _d1311963 |
||